| 000 | 00902cab a2200253 4500 | ||
|---|---|---|---|
| 001 | ABS54574 | ||
| 008 | 090401t1996 xxu||||| |||| 00| 0 eng d | ||
| 035 | _a(Sirsi) u11165 | ||
| 041 | _aeng | ||
| 100 | _aHawes, D. | ||
| 245 | 4 | _aThe leasehold nightmare | |
| 260 | _c1996 | ||
| 350 | _a0 | ||
| 490 |
_aHousing and Planning Review _v50(7) February/March 1996, 19-20(2) |
||
| 520 | _aExamines problems faced by some council and private tenants who have bought their leasehold in having no control over bills for structural works and service charges. Sets out government response to increasing complaints. | ||
| 650 | _aHOME OWNERSHIP | ||
| 650 | _aLEASEHOLD REFORM | ||
| 650 | _aRENTED HOUSING | ||
| 650 | _aRIGHT TO BUY | ||
| 650 | _aSERVICE CHARGES | ||
| 690 | _aPROPERTY-RESIDENTIAL PROPERTY-RESIDENTIAL LANDLORD AND TENANT-RESIDENTIAL TENANCIES | ||
| 942 | _n0 | ||
| 948 | _c04/03/1997 | ||
| 999 |
_c7107 _d7107 |
||